Top 10 najmniejszych państw na świecie - Statystyki

Ogólne statystyki
  • Ten quiz został rozwiązany 49 razy
  • Średni wynik to 7 z 10
Statystyki odpowiedzi
Powierzchnia Państwo % Poprawnych
61 km San Marino
92%
0,49 km Watykan
92%
2,1 km Monako
90%
320 km Malta
72%
21 km Nauru
67%
26 km Tuvalu
64%
160 km Liechtenstein
51%
298 km Malediwy
46%
181 km Wyspy Marshalla
44%
261 km Saint Kitts i Nevis
38%
Nie znaleziono quizów pasujących do podanych kryteriów
Rozkład punktacji
Procent ludzi z każdym wynikiem
Percentyl według liczby udzielonych odpowiedzi
Twoja historia wyników
Nie rozwiązałeś tego quizu